000 01122cam a22002775a 4500
001 15208546
005 20080326095253.0
008 080306s2008 nyu 000 0 eng
010 _a 2008924472
020 _a9780387792330 (hardcover : alk. paper)
040 _aDLC
_cDLC
_dDLC
082 _222
_a003.54
_bYEU
100 1 _aYeung, Raymond W.
_94428
245 1 0 _aInformation theory and network coding /
_cRaymond W. Yeung.
260 _aNew York :
_bSpringer,
_c2008.
263 _a0807
300 _a579p.;
_c24 cm.
490 0 _aInformation technology: transmission, processing and storage
504 _aIncludes bibliographical references p.541-560 ad index
650 _93495
_aInformation theory.
856 4 2 _3Publisher description
_uhttp://www.loc.gov/catdir/enhancements/fy0827/2008924472-d.html
856 4 1 _3Table of contents only
_uhttp://www.loc.gov/catdir/enhancements/fy0827/2008924472-t.html
942 _2ddc
_cBB
999 _c11456
_d11456